Basic principles of concrete structures

Bibliographic Details
Main Authors: Gu, Xianglin (Author), Jin, Xianyu (Author), Zhou, Yong (Author)
Format: Book
Language:English
Published: New York, NY : Springer Berlin Heidelberg 2016
Subjects:

MARC

LEADER 00000cam a2200000 7i4500
001 0000028109
005 20241121.0
008 180827 nyua eng
020 |a 9783662485637 
040 |a INS   |b eng   |e rda 
090 0 0 |a TA681   |b G8 2016 
100 1 |a Gu, Xianglin ,   |e author 
245 1 0 |a Basic principles of concrete structures   |c Xianglin Gu, Xianyu Jin, Yong Zhou 
264 1 |a New York, NY :   |b Springer Berlin Heidelberg   |c 2016 
264 4 |c ©2016 
300 |a xxii, 606 pages :   |b illustrations, some color pictures ;   |c 24 cm. 
336 |a text  |2 rdacontent 
337 |a unmediated  |2 rdamedia 
338 |a volume  |2 rdacarrier 
504 |a Includes bibliographical references: Page 603-606 
650 0 |a Concrete construction 
700 1 |a Jin, Xianyu ,   |e author 
700 1 |a Zhou, Yong ,   |e author 
999 |a 1000003553   |b BOOK   |c Open Shelf   |e Default branch